000 00269nam a2200097Ia 4500
008 231129s9999||||xx |||||||||||||| ||spa||
082 _a(i)372.89 C268c
245 0 _aConvivamos: Educación Básica Primaria
264 _aMedellin : Susaeta Editores Ltda.
942 _2ddc
_cBKS
999 _c8103
_d8103